00641nam a2200229 a 4500001001300000003000900013005001700022008004100039020001000080082001600090100001800106245003700124260002800161300000800189500003500197505001000232700001800242902000800260942000700268952011900275999001700394nice12345678IN_TiNIC20260116015247.0050524s1991 teha grp 000 0 eng  ac10000a297.82bSHA aShariati, Ali aAwaiting the Religion of Protest aTehranbSohof Pubc1991 a57p aincludes index and biblioraphy2 aIndex1 aShariati, Ali bSRS cBK 001040708StackRoom-aHMIbHMId2007-06-28g100.00l0o297.82 SHAp11000292r2007-06-28v100.00w2005-05-24yBK c18963d18963